000 01345nam0a22002891 4500
001 rc\4956606
005 20130426163518.4
021 _aRU
_b[62-79967]
035 _a(NLR Aleph) 008955835
090 _a9032507
_c9032507
100 _a20130426d1962 |||y0rusy50 ca
101 0 _arus
102 _aRU
105 _ay z |||||
200 1 _aXXII съезд КПСС о задачах идеологической работы на современном этапе коммунистического строительства
_fВсесоюз. о-во по распространению полит. и науч. знаний
210 _aМосква
_cЗнание
_d1962
215 _a62 с.
_d20
225 1 _aВ помощь лектору
_fНауч.-метод. совет по пропаганде ист., филос. и пед. знаний
300 _aПеред загл. авт.: канд. ист. наук Т.С. Радзивиллова
320 _aБиблиогр.: с. 59-61
606 _aИдеологическая работа КПСС
_jМатериалы для докладов, лекций и т. п.
_2psbo
700 1 _aРадзивиллова
_bТ. С.
_gТамара Сергеевна
801 0 _aRU
_bNLR
_gpsbo
801 1 _aRU
_bELAR
_2rusmarc
852 _aNLR
_j62-4/17089
942 _cBOOK
980 _aNB